000 00708na a2200241 4500
001 13865
003 MIRAKIL
005 20181213154826.0
008 160923b tu 000 0
020 _a9789944216012
035 _a13865
040 _aMilas
_btur
_cTR-AnCHP
082 _aATA 923.156
_bK34a 2007
090 _aATA 923.156 K34a 2007
100 _aKeleşoğlu, Aydın
245 _aAtatürk'ün öngörüleri
_cAydın Keleşoğlu
260 _aAnkara
_bDelta Yayınevi
_c2007
300 _a288 s.
_c18 sm.
504 _aKaynakça var.
600 _aAtatürk, Mustafa Kemal
_d1881-1938
_xSöylev ve demeçler
600 _aAtatürk, Mustafa Kemal
_d1881-1938
_xGörüşler
942 _2dcc
_cBKS
999 _c1550
_d1550